01088 2200265 4500001002100000005001500021035002000036007000300056008004100059020002200100082001100122084002000133100002400153245005100177250002800228300002900256650002000285504003000305520035300335264004400688336002100732337003000753338002300783990001600806INLIS00000000116500320241023083840 a0010-1024000148ta241023 g 0 ind  a978-623-00-4686-5 a2X7.15 aSR 2X7.15 RIA t0 aRia Madjidepenulis1 aTake your time, change your life /cRia Madjid aCetakan ke-2: Juni 2024 avi, 165 halaman ;c21 cm 4aPsikologi agama aBibliografi : halaman 164 aBuku Take Your Time, Change Your Life berisi renungan dan nasihat tentang berharganya sebuah waktu, bagaimana mengisi waktu agar lebih bermakna, dan bagaimana potret gemilang para ulama dalam mengatur waktunya. Dilengkapi pula dengan kisah dari para tokoh dunia dan ulama dalam memanfaatkan waktunya. Selamat membaca buku ini dan semoga bermanfaat. aJakarta :bElex Media Komputindo,c2024 2rdacontentaTeks 2rdamediaaTanpa perantara 2rdacarrieraVolume a54994.67814